[Event "Titled Tue 1st Jul Late"]
[Site "chess.com INT"]
[Date "2025.07.01"]
[Round "8"]
[White "Faryma, Matviy"]
[Black "Venskaya, Nika"]
[Result "1-0"]
[BlackTitle "WCM"]
[WhiteElo "2230"]
[BlackElo "1926"]
[WhiteFideId "1961578"]
[BlackFideId "13523503"]
[EventDate "2025.07.01"]

1. c4 Nf6 2. Nc3 g6 3. g3 Bg7 4. Bg2 O-O 5. e3 c6 6. Nge2 d5 7. cxd5 cxd5 8. O-O
Nc6 9. d4 b6 10. b3 Ba6 11. Ba3 Rc8 12. Qd2 Qd7 13. Rfc1 Rfd8 14. Nf4 e6 15. Nd3
Qb7 16. Nb4 Nxb4 17. Bxb4 Qb8 18. a4 e5 19. Nb5 e4 20. Bh3 Rxc1+ 21. Rxc1 Ne8
22. Be7 Bxb5 23. axb5 f5 24. Bxd8 Qxd8 25. Qc3 Qd7 26. Bf1 g5 27. Qc6 Qf7 28.
Qa8 f4 29. Rc8 Kf8 30. Rd8 fxe3 31. fxe3 Bf6 32. Rxd5 g4 33. Rf5 Qe6 34. Rf4
Qxb3 35. Qxe4 Kf7 36. Qxh7+ Ke6 37. Qg8+ Kd7 38. Qxb3 1-0

[Event "Titled Tue 1st Jul Late"]
[Site "chess.com INT"]
[Date "2025.07.01"]
[Round "8"]
[White "Garbuz, Vitaliy"]
[Black "Akhayan, Ruben"]
[Result "1-0"]
[WhiteTitle "CM"]
[BlackTitle "FM"]
[WhiteElo "2219"]
[BlackElo "2265"]
[WhiteFideId "12990710"]
[BlackFideId "204439"]
[EventDate "2025.07.01"]

1. e4 e5 2. Nf3 Nc6 3. Nc3 Nf6 4. d4 exd4 5. Nd5 Be7 6. Bc4 O-O 7. O-O d6 8.
Nxd4 Ne5 9. Nxe7+ Qxe7 10. Bb3 c5 11. Nf5 Bxf5 12. exf5 c4 13. Ba4 a6 14. c3 b5
15. Bc2 Rad8 16. Bg5 h6 17. Bh4 Qb7 18. Bxf6 gxf6 19. f4 Nc6 20. Qh5 Kh7 21. Rf3
Ne7 22. Rg3 Qb6+ 23. Kh1 Qf2 24. Qh4 Qxc2 25. Qxf6 Nxf5 26. Rh3 Rg8 27. Qxf7+
Rg7 28. Qd5 Rdg8 29. Rg1 Re8 30. g4 Ne3 31. Rxh6+ Kxh6 32. Qh5# 1-0

[Event "Titled Tue 1st Jul Late"]
[Site "chess.com INT"]
[Date "2025.07.01"]
[Round "8"]
[White "Slovineanu, Viacheslav"]
[Black "Soza de la Carrera, Jose"]
[Result "0-1"]
[WhiteTitle "IM"]
[BlackTitle "CM"]
[WhiteElo "2412"]
[BlackElo "2221"]
[WhiteFideId "13900510"]
[BlackFideId "3401278"]
[EventDate "2025.07.01"]

1. d4 f5 2. Nc3 d5 3. Nf3 Nf6 4. Bg5 e6 5. e3 c5 6. Bb5+ Nc6 7. O-O Bd7 8. Bxc6
Bxc6 9. Ne5 Rc8 10. a4 Be7 11. dxc5 Bxc5 12. Ne2 O-O 13. c3 a5 14. Nd4 Bd7 15.
Rb1 Qc7 16. Bf4 Bd6 17. Nxd7 Qxd7 18. Nb5 e5 19. Bg5 Bb8 20. Bxf6 Rxf6 21. g3
Rh6 22. f4 Re6 23. Qd3 exf4 24. exf4 Re4 25. b3 Qc6 26. Rbd1 d4 27. Nxd4 Ba7 28.
Kg2 Rxd4+ 29. Qf3 Qxf3+ 30. Kxf3 Rxc3+ 0-1

[Event "Titled Tue 1st Jul Late"]
[Site "chess.com INT"]
[Date "2025.07.01"]
[Round "8"]
[White "Lichtmannecker, Daniel"]
[Black "Bucci, Andrea"]
[Result "1-0"]
[WhiteTitle "CM"]
[WhiteElo "2194"]
[BlackElo "1526"]
[WhiteFideId "12979414"]
[BlackFideId "28546890"]
[EventDate "2025.07.01"]

1. d4 Nf6 2. Nc3 g6 3. e4 d6 4. Be3 Bg7 5. Qd2 O-O 6. O-O-O Nbd7 7. f3 a5 8. h4
h5 9. g4 a4 10. Nce2 a3 11. b3 c5 12. Ng3 Qa5 13. gxh5 Qxd2+ 14. Rxd2 gxh5 15.
Nf5 Kh7 16. Nxe7 cxd4 17. Bf4 Ne5 18. Nf5 Bxf5 19. exf5 Rfc8 20. Bd3 Nd5 21.
Bxe5 dxe5 22. f6+ Kg8 23. fxg7 Nc3 24. Ne2 Nxa2+ 25. Kb1 Nb4 26. f4 exf4 27.
Nxf4 Rc3 28. Rg1 Rac8 29. Nxh5 a2+ 30. Ka1 Rxc2 31. Nf6# 1-0

[Event "Titled Tue 1st Jul Late"]
[Site "chess.com INT"]
[Date "2025.07.01"]
[Round "8"]
[White "Bazan Romero, Octavio Aaron"]
[Black "Yatskar, Martin"]
[Result "0-1"]
[WhiteTitle "FM"]
[BlackTitle "CM"]
[WhiteElo "2289"]
[BlackElo "2225"]
[WhiteFideId "20003943"]
[BlackFideId "34109676"]
[EventDate "2025.07.01"]

1. d4 d5 2. Nf3 c5 3. g3 Nf6 4. Bg2 Nc6 5. O-O e6 6. c4 cxd4 7. Nxd4 Bc5 8. Nb3
Bb6 9. cxd5 exd5 10. Nc3 d4 11. Ne4 Nxe4 12. Bxe4 O-O 13. Bf4 Bh3 14. Bg2 Bxg2
15. Kxg2 Qd5+ 16. Kg1 Rfe8 17. Qd2 Qb5 18. Rfe1 Re6 19. e4 Rae8 20. f3 a5 21.
Nc1 a4 22. Qd3 Qa5 23. Bd2 Qh5 24. Ne2 Ne5 25. Nf4 Nxd3 26. Nxh5 Nxe1 27. Rxe1
d3+ 28. Kg2 Rc6 29. Bc3 a3 30. Nxg7 Rxc3 31. Nxe8 Rc2+ 32. Kh3 axb2 33. Nf6+ Kg7
34. Nh5+ Kh6 35. Kg4 Rc1 0-1

[Event "Titled Tue 1st Jul Late"]
[Site "chess.com INT"]
[Date "2025.07.01"]
[Round "8"]
[White "Gulecyuz, Deniz"]
[Black "Zapata Romero, Italo German"]
[Result "0-1"]
[BlackTitle "CM"]
[WhiteElo "1991"]
[BlackElo "2041"]
[WhiteFideId "30921341"]
[BlackFideId "3842517"]
[EventDate "2025.07.01"]

1. e4 e6 2. d4 c5 3. d5 Nf6 4. Nc3 d6 5. Nf3 Be7 6. Bb5+ Bd7 7. Bxd7+ Qxd7 8.
O-O O-O 9. Re1 exd5 10. exd5 Na6 11. Bf4 Rfe8 12. a3 b5 13. Qd3 Nc7 14. Rad1 a5
15. Bg5 b4 16. Bxf6 Bxf6 17. Ne4 Bxb2 18. axb4 axb4 19. Nfg5 g6 20. Qg3 Be5 21.
Qxe5 Rxe5 22. Nf6+ Kg7 23. Nxd7 Rxg5 24. Nb6 Rb8 25. Nc4 Nxd5 26. Nxd6 Nc3 0-1

[Event "Titled Tue 1st Jul Late"]
[Site "chess.com INT"]
[Date "2025.07.01"]
[Round "8"]
[White "Gholami Orimi, Mahdi"]
[Black "Munoz, Miguel"]
[Result "0-1"]
[WhiteTitle "GM"]
[BlackTitle "GM"]
[WhiteElo "2511"]
[BlackElo "2321"]
[WhiteFideId "12558486"]
[BlackFideId "3800229"]
[EventDate "2025.07.01"]

1. d4 c5 2. d5 Nf6 3. Nc3 Qa5 4. Bd2 b5 5. e4 b4 6. e5 bxc3 7. Bxc3 Qa4 8. exf6
gxf6 9. Nf3 Qe4+ 10. Qe2 Qxd5 11. Bxf6 Rg8 12. Bc3 Ba6 13. Qe5 Qxe5+ 14. Nxe5
Bxf1 15. Kxf1 d5 16. h4 f6 17. Nd3 e5 18. Re1 Kf7 19. Rh3 d4 20. Bd2 c4 21.
Nxe5+ fxe5 22. Rxe5 Rg6 23. h5 Ra6 24. Bg5 Nc6 25. Rf3+ Kg8 26. Ref5 Ra5 27.
Rxa5 Nxa5 28. Bf6 Nc6 29. Rg3+ Kf7 30. Rf3 Ke6 31. g4 h6 32. g5 hxg5 33. Bxg5
Be7 34. Bd2 Bf6 35. h6 Rb8 36. b3 c3 37. Bc1 Nb4 38. Ke2 Nxc2 39. h7 Rh8 40. Kd3
Nb4+ 41. Kc4 Nxa2 42. Ba3 c2 0-1

[Event "Titled Tue 1st Jul Late"]
[Site "chess.com INT"]
[Date "2025.07.01"]
[Round "8"]
[White "Damaraju, Ashwin"]
[Black "Budzisz, Adrian"]
[Result "1/2-1/2"]
[BlackTitle "CM"]
[WhiteElo "2084"]
[BlackElo "2100"]
[WhiteFideId "39908348"]
[BlackFideId "21860238"]
[EventDate "2025.07.01"]

1. e4 e6 2. d4 d5 3. Bd3 dxe4 4. Bxe4 Nf6 5. Bf3 Bd6 6. Ne2 O-O 7. O-O Nbd7 8.
Nd2 e5 9. d5 e4 10. Nxe4 Nxe4 11. Bxe4 Bxh2+ 12. Kxh2 Qh4+ 13. Kg1 Qxe4 14. Ng3
Qg6 15. Bf4 c6 16. d6 Nf6 17. Qd4 Qxc2 18. Be5 Qg6 19. Bxf6 Qxf6 20. Qxf6 gxf6
21. Rad1 Be6 22. Ne4 Kg7 23. Nc5 Bxa2 24. Nxb7 Rab8 25. d7 Bd5 26. d8=Q Rfxd8
27. Nxd8 Rxd8 28. Ra1 Rb8 29. Rxa7 Rxb2 30. Re1 1/2-1/2

[Event "Titled Tue 1st Jul Late"]
[Site "chess.com INT"]
[Date "2025.07.01"]
[Round "8"]
[White "Romero Ruscalleda, Josep"]
[Black "Angulo Perez, Sebastian"]
[Result "1-0"]
[WhiteTitle "FM"]
[BlackTitle "CM"]
[WhiteElo "2110"]
[BlackElo "2025"]
[WhiteFideId "2231859"]
[BlackFideId "6544045"]
[EventDate "2025.07.01"]

1. e4 c6 2. Nc3 d5 3. Nf3 Bg4 4. h3 Bxf3 5. Qxf3 e6 6. d4 Bb4 7. Bd2 dxe4 8.
Qxe4 Nf6 9. Qh4 Nd5 10. Qxd8+ Kxd8 11. Ne4 Bxd2+ 12. Kxd2 Nd7 13. Nd6 Ke7 14.
Nxb7 Rab8 15. Na5 Rxb2 16. Nb3 Nb4 17. Kc3 Rxc2+ 18. Kxb4 Rxf2 19. Ka3 Rb8 20.
Rc1 Kd6 21. Rc3 Nf6 22. Na5 Rc8 23. Ba6 Rc7 24. Rhc1 Rxg2 25. Rxc6+ Rxc6 26.
Rxc6+ Kd5 27. Bb7 Rg6 28. Nb3 Rh6 29. Rc7+ Kd6 30. Rxf7 Rxh3 31. Rxg7 Nd5 32.
Bxd5 Kxd5 33. Rxa7 h5 34. Rh7 h4 35. Kb4 Rh2 36. a4 h3 37. Rh5+ Kd6 38. a5 Kc7
39. Rh6 Kd6 40. a6 Ra2 41. Nc5 Kd5 42. Rxe6 h2 43. Rh6 Kxd4 44. Na4 Ra1 45. a7
Rb1+ 46. Ka5 h1=Q 47. Rxh1 Rxh1 48. a8=Q Rh5+ 49. Kb4 Rd5 50. Nc3 Re5 51. Qh8
Kd3 52. Qxe5 1-0

[Event "Titled Tue 1st Jul Late"]
[Site "chess.com INT"]
[Date "2025.07.01"]
[Round "8"]
[White "Risteski, Emil"]
[Black "Svane, Frederik"]
[Result "0-1"]
[WhiteTitle "IM"]
[BlackTitle "GM"]
[WhiteElo "2374"]
[BlackElo "2667"]
[WhiteFideId "15005267"]
[BlackFideId "12923044"]
[EventDate "2025.07.01"]

1. e4 c5 2. Nc3 d6 3. f4 g6 4. Nf3 Bg7 5. Bb5+ Bd7 6. Bc4 Nc6 7. d3 e6 8. f5 Nf6
9. Bf4 d5 10. fxe6 dxc4 11. exd7+ Qxd7 12. dxc4 Qe6 13. Qe2 O-O-O 14. Ng5 Qe8
15. O-O Nd4 16. Qf2 h6 17. Nf3 Nxe4 18. Nxe4 Qxe4 19. Bg3 Qxc2 20. Ne5 Qxf2+ 21.
Rxf2 Rhe8 22. Nxf7 Ne2+ 23. Kf1 Nxg3+ 24. hxg3 Rd7 0-1

[Event "Titled Tue 1st Jul Late"]
[Site "chess.com INT"]
[Date "2025.07.01"]
[Round "8"]
[White "Amdouni, Zoubaier"]
[Black "Sabuk, Piotr"]
[Result "0-1"]
[WhiteTitle "FM"]
[BlackTitle "IM"]
[WhiteElo "2186"]
[BlackElo "2321"]
[WhiteFideId "5500419"]
[BlackFideId "1137565"]
[EventDate "2025.07.01"]

1. d4 d5 2. Bg5 h6 3. Bh4 c5 4. c3 Qb6 5. Qb3 c4 6. Qxb6 axb6 7. Nd2 Nc6 8. e4
e6 9. a3 Nf6 10. Bxf6 gxf6 11. g3 b5 12. Rc1 dxe4 13. Nxe4 f5 14. Nd2 e5 15. d5
Ne7 16. Ngf3 e4 17. Nd4 Bd7 18. Bh3 Bg7 19. d6 Bxd4 20. dxe7 Bc5 21. Rd1 Be6 22.
Nf1 Kxe7 23. Ke2 f4 24. Bxe6 f3+ 25. Ke1 Kxe6 26. Ne3 Rad8 27. h4 h5 28. Rg1 f5
29. Nc2 Rxd1+ 30. Kxd1 Bxf2 31. Rf1 Rd8+ 32. Nd4+ Bxd4 33. cxd4 Rxd4+ 34. Kc2 0-1

[Event "Titled Tue 1st Jul Late"]
[Site "chess.com INT"]
[Date "2025.07.01"]
[Round "8"]
[White "Linares Orellana, Hector Jose"]
[Black "Noroozi, Omid"]
[Result "0-1"]
[WhiteTitle "FM"]
[BlackTitle "IM"]
[WhiteElo "2111"]
[BlackElo "2266"]
[WhiteFideId "7304307"]
[BlackFideId "12501190"]
[EventDate "2025.07.01"]

1. e4 c5 2. Nf3 d6 3. Bb5+ Nd7 4. O-O a6 5. Bxd7+ Bxd7 6. d4 cxd4 7. Nxd4 g6 8.
c4 Bg7 9. Nc3 Nf6 10. Be3 O-O 11. f3 Rc8 12. b3 b5 13. Qe2 bxc4 14. bxc4 Qa5 15.
Rfc1 Be6 16. Nd5 Nxd5 17. cxd5 Bd7 18. Rab1 Qa3 19. Rxc8 Rxc8 20. Rb7 Qa4 21.
Nc6 Bxc6 22. dxc6 Bf6 23. c7 Qc6 24. Ra7 Rxc7 25. Rxa6 Qc3 26. Ra8+ Kg7 27. h3
Qa1+ 28. Kh2 Qe5+ 29. Kg1 Rb7 30. Qd2 Rb1+ 31. Kf2 Bh4+ 32. Ke2 Rb2 33. Bh6+ Kf6
34. f4 Qxe4+ 35. Kd1 Rxd2+ 36. Kxd2 Qxa8 0-1

[Event "Titled Tue 1st Jul Late"]
[Site "chess.com INT"]
[Date "2025.07.01"]
[Round "8"]
[White "Andrade, Ivan"]
[Black "Hobson, Kenneth"]
[Result "0-1"]
[WhiteTitle "FM"]
[BlackTitle "FM"]
[WhiteElo "2144"]
[BlackElo "2361"]
[WhiteFideId "14800039"]
[BlackFideId "480819"]
[EventDate "2025.07.01"]

1. e4 c5 2. Nf3 d6 3. d4 cxd4 4. Nxd4 Nf6 5. Nc3 a6 6. f3 e6 7. Be3 b5 8. Qd2
Nbd7 9. O-O-O h5 10. h3 Bb7 11. Kb1 h4 12. Bg5 Be7 13. Bd3 Rc8 14. Qe1 b4 15.
Nce2 a5 16. Bb5 Qb6 17. Bxh4 Rc5 18. Bxd7+ Kxd7 19. Bf2 Qa6 20. Nf5 Rc7 21. Nfd4
Rhc8 22. Rd2 a4 23. g4 a3 24. b3 Bxe4 25. g5 Bg6 26. gxf6 Bxf6 27. Bg3 e5 28.
Nc1 exd4 29. Nd3 Rxc2 0-1

[Event "Titled Tue 1st Jul Late"]
[Site "chess.com INT"]
[Date "2025.07.01"]
[Round "8"]
[White "Dubnevych, Maksym"]
[Black "Petersen, Marcel"]
[Result "1-0"]
[WhiteTitle "FM"]
[BlackTitle "CM"]
[WhiteElo "2296"]
[BlackElo "2236"]
[WhiteFideId "14184001"]
[BlackFideId "12935670"]
[EventDate "2025.07.01"]

1. Nc3 d5 2. e4 d4 3. Nce2 e5 4. c3 c5 5. Ng3 Be6 6. Nf3 Nc6 7. Bb5 f6 8. d3 Bd6
9. O-O Ne7 10. Nh4 O-O 11. Nhf5 Nxf5 12. exf5 Bd5 13. c4 Bf7 14. Bxc6 bxc6 15.
Ne4 Be7 16. f4 Qc7 17. Qg4 Kh8 18. fxe5 fxe5 19. Bg5 Bxg5 20. Qxg5 Bg8 21. f6
gxf6 22. Rxf6 Rxf6 23. Qxf6+ Qg7 24. Qxg7+ Kxg7 25. Nxc5 Bf7 26. Re1 Re8 27. b3
Bg6 28. g4 Kf6 29. Kg2 Kg7 30. Kg3 Re7 31. h4 h5 32. gxh5 Bxh5 33. Rf1 Bg6 34.
Re1 Bh5 35. b4 Kf6 36. Rf1+ Kg7 37. a4 Bg6 38. Re1 Bh5 39. b5 cxb5 40. axb5 Kf6
41. Ne4+ Ke6 42. Ra1 Bg6 43. Ra6+ Kf7 44. Kf3 Bh5+ 45. Kf2 Kg7 46. Ng5 Bg6 47.
Ke2 e4 48. dxe4 Bxe4 49. Re6 Rxe6 50. Nxe6+ Kf6 51. Nxd4 Ke5 52. Nc6+ Kd6 53. h5
Kc5 54. Ke3 1-0

[Event "Titled Tue 1st Jul Late"]
[Site "chess.com INT"]
[Date "2025.07.01"]
[Round "8"]
[White "Jing, Andrew"]
[Black "Arakelyan, Manvel"]
[Result "0-1"]
[WhiteTitle "FM"]
[BlackTitle "FM"]
[WhiteElo "2292"]
[BlackElo "2326"]
[WhiteFideId "30984076"]
[BlackFideId "13317415"]
[EventDate "2025.07.01"]

1. e4 c5 2. Nf3 Nc6 3. Bb5 d6 4. O-O Bd7 5. Re1 a6 6. Bf1 Bg4 7. c3 Nf6 8. h3
Bxf3 9. Qxf3 e6 10. d3 Be7 11. Bf4 O-O 12. Nd2 d5 13. e5 Nd7 14. Qg3 Kh8 15. Nf3
f6 16. exf6 Rxf6 17. Bg5 Rg6 18. Bxe7 Nxe7 19. Qd6 Nf5 20. Qf4 Qf6 21. d4 Rf8
22. Bd3 cxd4 23. cxd4 Nb8 24. Bxf5 Qxf5 25. Qxf5 Rxf5 26. Nh4 Rff6 27. Nxg6+
Rxg6 28. Rad1 Nc6 29. a3 Kg8 30. g3 Kf7 31. Kg2 Ke7 32. h4 Rf6 33. f4 Kd6 34.
Kf3 h5 35. Ke3 Ne7 36. Rg1 Nf5+ 37. Kd3 Rg6 38. Rdf1 Rg4 39. a4 g6 40. a5 Nxg3
41. Rf3 Nf5 42. Rxg4 hxg4 43. Rf1 g3 44. Rg1 Ke7 45. Kc3 Kf6 46. Kb4 Nxd4 47.
Rxg3 Nc6+ 48. Ka4 d4 49. b4 Na7 50. Kb3 Kf5 51. Kc4 Nc6 52. Rg5+ Kf6 53. h5 gxh5
54. Rxh5 d3 55. Rh3 Kf5 56. Rxd3 Kxf4 57. Rd7 Ne5+ 58. Kc5 Nxd7+ 59. Kd6 e5 60.
Kxd7 e4 61. Kc7 e3 62. Kxb7 e2 63. Kxa6 e1=Q 64. b5 Qe8 65. b6 Qa8+ 66. Kb5 Ke5
67. a6 Kd6 68. a7 Qb7 69. Ka5 Kc5 70. a8=Q Qxa8# 0-1

[Event "Titled Tue 1st Jul Late"]
[Site "chess.com INT"]
[Date "2025.07.01"]
[Round "8"]
[White "Carlsen, Magnus"]
[Black "Gasparyan, Erik R."]
[Result "1-0"]
[WhiteTitle "GM"]
[BlackTitle "IM"]
[WhiteElo "2837"]
[BlackElo "2372"]
[WhiteFideId "1503014"]
[BlackFideId "13315730"]
[EventDate "2025.07.01"]

1. e4 c6 2. d4 d5 3. e5 Bf5 4. c4 e6 5. Nc3 Ne7 6. h3 Nd7 7. Nf3 dxc4 8. Bxc4
Nd5 9. O-O Be7 10. Qe2 O-O 11. Rd1 b5 12. Bd3 Nxc3 13. bxc3 Bxd3 14. Rxd3 Nb6
15. h4 Qd5 16. Ng5 h6 17. Qg4 f5 18. exf6 Rxf6 19. Ne4 Rf7 20. Bxh6 Qf5 21. Rg3
Nd5 22. Re1 Kh7 23. Bg5 Qxg4 24. Rxg4 Kg8 25. Bxe7 Rxe7 26. Rg3 e5 27. dxe5 Rae8
28. f4 Kh7 29. Nd6 Rd8 30. Re4 Re6 31. f5 Re7 32. Reg4 Rdd7 33. c4 Nb6 34. c5
Na4 35. e6 Rc7 36. Rg5 Nxc5 37. f6 Nxe6 38. Rh5+ 1-0

[Event "Titled Tue 1st Jul Late"]
[Site "chess.com INT"]
[Date "2025.07.01"]
[Round "8"]
[White "Paxtor Chiguichon, Rodolfo Enrique"]
[Black "Kurpiewski, Slawomir"]
[Result "0-1"]
[WhiteTitle "CM"]
[BlackTitle "CM"]
[WhiteElo "2009"]
[BlackElo "1973"]
[WhiteFideId "7307012"]
[BlackFideId "1114530"]
[EventDate "2025.07.01"]

1. e4 e5 2. Nf3 Nc6 3. d4 exd4 4. Nxd4 Nf6 5. Nc3 d5 6. Nxc6 bxc6 7. exd5 Nxd5
8. Nxd5 cxd5 9. Bd3 Qe7+ 10. Qe2 Qxe2+ 11. Kxe2 Bd6 12. f3 O-O 13. Kf2 Re8 14.
Be3 c5 15. c3 a5 16. Rhe1 a4 17. b3 Bd7 18. g3 h6 19. f4 Reb8 20. Reb1 g6 21.
bxa4 Rxb1 22. Rxb1 Rxa4 23. Rb2 Ra3 24. Bd2 Kg7 25. Bb1 Be6 26. Rb6 Be7 27. Rb3
Ra7 28. Rb5 Bd7 29. Rb2 Bf6 30. Ke2 Bg4+ 31. Kf1 Re7 32. Be1 Rxe1+ 33. Kxe1
Bxc3+ 34. Kf2 0-1

[Event "Titled Tue 1st Jul Late"]
[Site "chess.com INT"]
[Date "2025.07.01"]
[Round "8"]
[White "Li, Yilin"]
[Black "Reinecke, Katharina"]
[Result "1-0"]
[WhiteTitle "WFM"]
[BlackTitle "WCM"]
[WhiteElo "1922"]
[BlackElo "1921"]
[WhiteFideId "8610410"]
[BlackFideId "12929727"]
[EventDate "2025.07.01"]

1. e4 c6 2. d4 d5 3. e5 Bf5 4. h4 h5 5. Bd3 Bxd3 6. Qxd3 Qa5+ 7. Nd2 e6 8. Nf3
Qa6 9. c4 Ne7 10. Qc3 Nd7 11. O-O Nf5 12. b3 Be7 13. g3 O-O 14. Rd1 Rac8 15. Nf1
b5 16. c5 f6 17. b4 fxe5 18. dxe5 Qb7 19. Bg5 a5 20. a3 a4 21. Bxe7 Nxe7 22. Ng5
Ng6 23. f4 Rce8 24. Qe3 Qc8 25. Nd2 Nh8 26. Qd3 g6 27. Ndf3 Re7 28. Nd4 Qe8 29.
Nxc6 Rg7 30. Nd4 Rgf7 31. Ndxe6 Nxe5 32. fxe5 Rf2 33. Nxf8 Qxf8 34. Rf1 Rxf1+
35. Rxf1 Qg7 36. Qxd5+ 1-0

[Event "Titled Tue 1st Jul Late"]
[Site "chess.com INT"]
[Date "2025.07.01"]
[Round "8"]
[White "Shendrik, Zhanna"]
[Black "Nicot, Valentin"]
[Result "0-1"]
[WhiteTitle "WCM"]
[BlackTitle "CM"]
[WhiteElo "1990"]
[BlackElo "2206"]
[WhiteFideId "24106160"]
[BlackFideId "651002477"]
[EventDate "2025.07.01"]

1. d4 Nf6 2. c4 e6 3. Nf3 Bb4+ 4. Nbd2 a5 5. e3 O-O 6. Be2 d6 7. O-O Bxd2 8.
Qxd2 b6 9. Qc2 Bb7 10. b3 Nc6 11. Bb2 Nb4 12. Qd1 Ne4 13. a3 Na6 14. Qc2 f5 15.
Rad1 g5 16. Nd2 Nxd2 17. Qxd2 Qe8 18. Bf3 Bxf3 19. gxf3 Qh5 20. Qe2 Rf6 21. Kg2
Rh6 22. Rh1 Qh3+ 23. Kg1 Rf8 24. c5 Nb8 25. cxb6 cxb6 26. Rc1 Nd7 27. Qf1 Qxf3
28. Qg2 Qe2 29. Ba1 Rh4 30. Qxg5+ Kh8 31. Qxh4 Rg8+ 32. Qg3 Rxg3+ 33. hxg3 Nf6
34. Kg2 Ng4 35. Rhf1 Nxe3+ 36. Kg1 Nxf1 37. Rxf1 Kg7 38. Kg2 Kg6 39. Rc1 Qb5 40.
Rb1 Qd5+ 41. Kh2 b5 42. Rc1 Qxb3 43. Re1 Qd5 44. Rd1 b4 45. axb4 axb4 46. Bb2 b3
47. Bc1 Qc4 48. Bb2 Qc2 0-1

[Event "Titled Tue 1st Jul Late"]
[Site "chess.com INT"]
[Date "2025.07.01"]
[Round "8"]
[White "Denisenko, Denis"]
[Black "Miserendino, Alfredo"]
[Result "1-0"]
[WhiteTitle "CM"]
[WhiteElo "1934"]
[BlackElo "2032"]
[WhiteFideId "4170652"]
[BlackFideId "101800"]
[EventDate "2025.07.01"]

1. e4 c5 2. d4 cxd4 3. Qxd4 Nf6 4. Nc3 e6 5. Bc4 Bb4 6. Ne2 O-O 7. O-O Nc6 8.
Qe3 d5 9. exd5 exd5 10. Bb3 d4 11. Qg3 dxc3 12. bxc3 Bd6 13. Qh4 Bg4 14. Nd4
Nxd4 15. cxd4 Be6 16. c4 Be7 17. Qg3 Kh8 18. Bb2 Ne4 19. Qe3 Nf6 20. Rfe1 Bb4
21. Re2 b6 22. h3 Re8 23. Qg3 Bf5 24. Re5 Bg6 25. d5 Qd7 26. Rd1 Bc5 27. Qg5 Ne4
28. Rxe4 Rxe4 29. h4 Rae8 30. h5 Re1+ 31. Rxe1 Rxe1+ 32. Kh2 Bd6+ 33. g3 f6 34.
Qd2 1-0

[Event "Titled Tue 1st Jul Late"]
[Site "chess.com INT"]
[Date "2025.07.01"]
[Round "8"]
[White "Zhou, Abigail"]
[Black "Papacek, Stepan"]
[Result "1-0"]
[WhiteTitle "WCM"]
[BlackTitle "FM"]
[WhiteElo "1780"]
[BlackElo "2225"]
[WhiteFideId "39922081"]
[BlackFideId "301035"]
[EventDate "2025.07.01"]

1. e4 e6 2. d4 d5 3. Nc3 Bb4 4. e5 c5 5. a3 Bxc3+ 6. bxc3 Qc7 7. Nf3 Ne7 8. Bd3
b6 9. Bg5 Ba6 10. O-O Bxd3 11. cxd3 Nbc6 12. Rc1 O-O 13. c4 Qd7 14. dxc5 bxc5
15. d4 cxd4 16. Nxd4 Nxe5 17. c5 N7c6 18. Bf4 Ng6 19. Bd6 Rfe8 20. Qa4 Rac8 21.
Rb1 e5 22. Ne2 d4 23. Rb3 Qe6 24. Rb7 Qd5 25. Rfb1 Nh4 26. f3 d3 27. Nc3 Qd4+
28. Qxd4 exd4 29. Ne4 f5 30. Ng3 f4 31. Bxf4 g6 32. Bg5 1-0

[Event "Titled Tue 1st Jul Late"]
[Site "chess.com INT"]
[Date "2025.07.01"]
[Round "8"]
[White "Uyanga, Byambaa"]
[Black "Shapiro, Daniel"]
[Result "0-1"]
[WhiteTitle "WFM"]
[BlackTitle "FM"]
[WhiteElo "2006"]
[BlackElo "2284"]
[WhiteFideId "2054906"]
[BlackFideId "2001780"]
[EventDate "2025.07.01"]

1. e4 c5 2. Nf3 Nc6 3. d4 cxd4 4. Nxd4 Nf6 5. Nc3 d6 6. Bc4 Qb6 7. Nb3 e6 8. Be3
Qc7 9. f3 a6 10. g4 h6 11. Qe2 b5 12. Bd3 Bb7 13. O-O-O Be7 14. h4 h5 15. g5 Nd7
16. f4 O-O-O 17. Rhg1 g6 18. Bxb5 axb5 19. Nxb5 Qb8 20. Qc4 Nc5 21. e5 d5 22.
Qa4 Nxa4 23. N3d4 Nc5 24. Rg3 Ne4 25. Rf3 Bc5 26. Bg1 Kd7 27. Rb3 Qa8 28. c4 Ke7
29. cxd5 Rxd5 30. Nc7 Rxd4 31. Nxa8 Rxd1+ 32. Kxd1 Bxa8 0-1

[Event "Titled Tue 1st Jul Late"]
[Site "chess.com INT"]
[Date "2025.07.01"]
[Round "8"]
[White "Girya, Olga"]
[Black "Ambartsumova, Karina"]
[Result "0-1"]
[WhiteTitle "GM"]
[BlackTitle "IM"]
[WhiteElo "2393"]
[BlackElo "2403"]
[WhiteFideId "4195752"]
[BlackFideId "4166299"]
[EventDate "2025.07.01"]

1. d4 Nf6 2. Nf3 g6 3. Bg5 Bg7 4. Nbd2 d5 5. Bxf6 Bxf6 6. e4 dxe4 7. Nxe4 Bg7 8.
Bc4 O-O 9. c3 c6 10. O-O Nd7 11. Qe2 Nb6 12. Bb3 a5 13. a4 Nd5 14. Rad1 Re8 15.
h3 h6 16. Ne5 Qc7 17. Nc5 Rf8 18. Rfe1 Kh7 19. Qf3 e6 20. h4 b6 21. Ne4 f5 22.
Ng3 Bb7 23. Nxg6 Kxg6 24. Rxe6+ Kh7 25. Bxd5 cxd5 26. Rde1 Rf7 27. Qh5 Raf8 28.
Qg6+ Kh8 29. Nxf5 Bc8 30. Nxg7 Rxg7 31. Qxh6+ Kg8 32. Re8 Qf7 33. Rxf8+ Qxf8 34.
Re5 Rxg2+ 35. Kxg2 Qxh6 0-1

[Event "Titled Tue 1st Jul Late"]
[Site "chess.com INT"]
[Date "2025.07.01"]
[Round "8"]
[White "Kochetkov, German"]
[Black "Schracke, Guido"]
[Result "1-0"]
[WhiteTitle "IM"]
[BlackTitle "CM"]
[WhiteElo "2277"]
[BlackElo "2138"]
[WhiteFideId "13500635"]
[BlackFideId "4637054"]
[EventDate "2025.07.01"]

1. e4 c5 2. Nf3 Nc6 3. Bb5 Na5 4. b4 cxb4 5. d4 a6 6. Bd3 e6 7. O-O d6 8. Qe1
Nc6 9. a3 d5 10. exd5 Qxd5 11. c4 Qh5 12. d5 Nd8 13. axb4 Nf6 14. Nc3 Bd6 15. c5
Bb8 16. d6 O-O 17. Ne4 Nxe4 18. Qxe4 f5 19. Qh4 Qxh4 20. Nxh4 Bd7 21. Nf3 Nf7
22. Bb2 Ba7 23. Ne5 Nxe5 24. Bxe5 Kf7 25. Ra3 Bc6 26. Rfa1 Bd5 27. h4 h6 28. h5
Rfe8 29. Bf1 Rac8 30. Rg3 Rg8 31. Bxa6 bxa6 32. Rxa6 Bb8 33. f4 Rcd8 34. b5 g6
35. hxg6+ Kf8 36. g7+ Ke8 37. Rg6 Rc8 38. c6 Kd8 39. d7 Rc7 40. Bf6# 1-0